000 00270nam a2200109Ia 4500
008 230907s9999||||xx |||||||||||||| ||und||
082 _a537.623
_bSUP
245 0 _aSuperconductivity /
260 _aSpringer,
_bBerlin ; | London :
_c2008
300 _a2 v. :
942 _cBK
999 _c601270
_d601270